MDQL
is popping MORE tags! Check the
thread
!
Quizzes
Events
Quiz Creation
Community
Videos
Private Events
Remove Ads
Sign In
Join for FREE
Feedback
Dark Mode
Quiz Categories
Sports
Geography
Music
Movies
Television
Just For Fun
Miscellaneous
History
Literature
Language
Science
Gaming
Entertainment
Religion
Holiday
For Kids
Quiz Lab
Recent
Popular Today
Quiz Kudos Today
Editor Picks
Curator Picks
Quizzes by...
Day
Popularity
Type
Ratings
Length
Year
Community
Subscriptions
Recent Discussions
Orange Saloon
Badges
Playlists
Quests
Create
Leaderboards
Showdown
Live 5
Trivia Bingo
Activity
Puzzle Library
Sporcle Events
Private Events
Virtual Trivia
Globe League
Become a Host
Pub Owners
SporcleCon
Opinionation
Our Games
Videos
Blog
Mobile Apps
Partnerships
Remove Ads and Go Orange
Feedback
Just For Fun
Clickable
Get the Picture
Humor
Quick Pick
Word Ladder
Missing Word
Mixed Word
Blitz
Minefield
This or That
Alphabet
Color
Typing
Sporcle
Puzzle
Word Play
Follow That Line
Logic
Just For Fun
Clickable
Get the Picture
Humor
Quick Pick
Word Ladder
Missing Word
Mixed Word
Blitz
Minefield
This or That
Alphabet
Color
Typing
Sporcle
Puzzle
Word Play
Follow That Line
Logic
Random Quiz
Search Sporcle
×
Quiz Lab
Quiz Lab
Just For Fun
Disney
Type in answers that appear in a list
Type in answers that appear in a list
Classic
Best Score? Go Orange.
Disney Guess the Lyrics M^2 IX Stats
Can you name the Disney Guess the Lyrics M^2 IX?
By
lhpglad
10m
156 Questions
739 Plays
739 Plays
739 Plays
Comments
Comments
Give Quiz Kudos
Give Quiz Kudos
-
- Ratings
hide this ad
Replay
Link that replays current quiz
Next Quiz
Link to next quiz in quiz playlist
You Got
0%
They Got
Avg Score
60%
Avg Friend Score
Upgrade to see
Score Distribution
Jump to the score distribution portion of the page
Score
0/156
Timer
10:00
0
Plays Today
% Correct
a
98.8%
And
98.8%
a
98.8%
the
98.5%
the
98.4%
the
98.4%
a
98.2%
the
97.6%
a
97.6%
a
97.6%
the
97.6%
And
97.6%
I...
97.6%
a
97.6%
a
97.4%
And
97.4%
a
97.3%
the
97.3%
I
96.9%
I
96.7%
I
96.6%
96.6%
you
88.5%
he
80.3%
He
80.2%
He
80%
it
79.9%
It
79.2%
It
79.2%
it
79.2%
no
77%
no
77%
no
76.6%
no
75.8%
no
75.8%
What
75.4%
What
74.6%
When
74.3%
of
73.9%
of
73.9%
of
73.9%
When
73.8%
of
73.5%
in
73.1%
for
70.1%
your
69.6%
your
69.6%
your
69.4%
for
69.4%
for
69.4%
was
64.4%
was
64.4%
% Correct
my
63.9%
It's
63.7%
my
63.5%
It's
63.3%
It's
63.3%
was
62.9%
our
59.4%
our
59.4%
our
59.2%
could
58.2%
not
57.7%
How
57.6%
wonderful
57.2%
wonderful
57.1%
that
56.3%
I'm
55%
Hakuna
54.8%
rest
54.5%
Hakuna
54.3%
Hakuna
54.3%
Hakuna
54.3%
rest
54.1%
rest
54.1%
Hakuna
53.5%
Hakuna
53.5%
days
53.5%
Hakuna
53.5%
Matata
53.4%
free
53.4%
every
53.3%
Matata
52.9%
Matata
52.7%
Matata
52.7%
Matata
52.7%
Matata
52.7%
means
52.6%
days
52.6%
days
52.6%
Hakuna
52.6%
phrase
52.3%
worries
52.3%
means
52.3%
means
52.3%
free
52.2%
phrase
52.2%
free
52.2%
worries
51.8%
worries
51.8%
Matata
51.8%
young
51.6%
young
51.6%
Oh
51.5%
% Correct
philosophy
51%
philosophy
51%
problem
50.8%
problem
50.8%
problem
50.7%
oh
50.7%
Oh
50.7%
passing
50%
passing
49.9%
warthog
49.6%
Ain't
49.3%
never
49%
warthog
48.8%
craze
48.4%
~ Bonus if you sang that like Pumba ~
48.4%
craze
48.4%
his
48%
after
46.6%
got
45%
meal
44.6%
name
44.3%
though
44%
shame
44%
feel
44%
did
43.9%
name
43.8%
what's
43.1%
friends
42.9%
downwind
42%
hurt
41.6%
clear
41.3%
ashamed
40.8%
stood
40.4%
savannah
39.3%
kids
39.1%
certain
38.3%
soul
38.3%
seem
38.3%
thick
38.2%
appeal
37.6%
aroma
37.2%
skinned
37%
downhearted
36.5%
sorry
36.5%
sensitive
35.7%
Thought
35.6%
front
35.2%
changing
34.4%
Everytime
34%
found
33.6%
lacked
31.3%
Hey
23.9%
Quiz Playlist
Details
Report
Send in Message
Add To Playlist
Classic:
Type in answers that appear in a list
Last Updated: Feb 16, 2017
Quiz Scoreboard
CHALLENGE
Sign Up to Join the Scoreboard
Show All
Scores
Hide
Comments
May contain spoilers
Recently Published
Find the 'City' Movie
by crazypaving
Movies
60s
5x2 Blitz: Bands
by SL_Kpop136
Music
30s
Colored Red Africa Blitz
by spor1
Geography
30s
More to Explore
Quiz From the Vault
Featured Blog Post
14 Easter Pick-up Lines to Find Eggs With
hide this ad
You Might Also Like...
Tags
Disney Quiz
Today's Top Quizzes in Just For Fun
Browse Just For Fun
hide this ad
Today's Top Quizzes in Disney
Browse Disney
Top Contributed Quizzes in Just For Fun
1
Name Just One - 10 to 1: Just For Fun
2
Ultimate Minefield Blitz VIII
3
Yarn Creations Logic Puzzle
4
Taylor Swift Logic Puzzle (Songs)
5
Kpop zombie apocalypse mystery (logic puzzle)
6
Survivor Winners Logic Puzzle
7
Quick 5-Color Logic (18)
8
Killer Double Trees 116 - Colour Mis-Match
9
Killer Double Trees 104 - Colour Mis-Match
10
Kyle's 122nd Triple Trees
Explore More
Trending Topics
Harry Potter
Disney
NBA
Marvel
Crossword
Anime
Kpop
NFL
Song
The Office
Country
Pokémon
Soccer
Puzzle
WWE
hide this ad
More By:
lhpglad
Quiz
Plays
Rating
Category
Featured
Created
Disney Guess the Lyrics M^2 IX
739
2.83
Just For Fun
Mar 7, 2012
Disney guess the lyrics M-squared 3
666
2.67
Just For Fun
Jan 9, 2012
Disney Guess the Lyrics M^2 VIII
635
3.00
Just For Fun
Mar 7, 2012
Disney Guess the Lyrics M^2 VI
584
3.33
Just For Fun
Mar 6, 2012
Disney Guess the Lyrics M^2 X
459
3.00
Just For Fun
Mar 7, 2012
Go to Creator's Profile
Score Distribution
Quiz Creator Spotlight
lhpglad
Follow
Send a Message
Quizzes Created
-
Created Quiz Play Count
-
More By This Creator
Popular Quizzes Today
1
5x2 Blitz: Bands
2
Find the 'City' Movie
3
Colored Red Africa Blitz
4
Find the US States - No Outlines Minefield
5
The Countries of the World
6
Find the US States
7
9x9 Crossword: Cartoon Network
8
US States
More Just For Fun Quizzes
What the Font?!
Published
Trending Quizzes
Colored Red Africa Blitz II
Colored Red Europe Blitz I
Christmas Pick: Judaism
Colored Red Africa Blitz III
Colored Red Europe Blitz II
Recently Updated
Champions League XIs: Real Madrid
pecheneg
Largest US Cities 1790-2010
pecheneg
Rides in Walt Disney World
pecheneg
Most Oscar Losses (Acting)
pecheneg
Beyoncé Albums
pecheneg
Leaping Animals
pecheneg
Reality TV Shows (A-Z)
bhenderson79
Rickey Henderson's Hall of Fame Teammates
pecheneg
Champions League XIs: Arsenal
pecheneg
Quick Pick: Celebrities in WWE's Hall of Fame
aduchscher
Trending Topics
Kpop
NBA
Marvel
Harry Potter
Anime
Crossword
Disney
Pokémon
The Office
Song
WWE
Country
Puzzle
NFL
Soccer
Your Account Isn't Verified!
In order to create a playlist on Sporcle, you need to verify the email address you used during registration. Go to your
Sporcle Settings
to finish the process.
Report this User
Report this user for behavior that violates our
Community Guidelines
.
Details:
Send Report
Go to the Sporcle.com Mobile Site →
Comments